[Event "Madrid-ch 2017-2018 - Previa A"]
[Site "Madrid ESP"]
[Date "2018.02.05"]
[Round "1.2"]
[White "Marivela Santos, Juan Carlos"]
[Black "Vazquez Gonzalez, Jesus"]
[Result "1-0"]
[WhiteElo "1686"]
[BlackElo "1985"]
[PlyCount "105"]
[EventDate "2018.02.05"]
[EventType "swiss"]
[EventRounds "9"]
[EventCountry "ESP"]
[SourceTitle "Ajedrez en Madrid"]
[Source "lmi"]
[SourceDate "2018.02.05"]

1. c4 e5 2. Nc3 Nf6 3. Nf3 Nc6 4. g3 d5 5. cxd5 Nxd5 6. Bg2 Nb6 7. a3 Be7 8. b4
a6 9. O-O Be6 10. d3 O-O 11. Rb1 Qd7 12. Ng5 Bg4 13. Nge4 Nd4 14. Rb2 c6 15.
Be3 Rad8 16. Bxd4 Qxd4 17. Qb3 Be6 18. Qc2 f5 19. Nd2 Kh8 20. Nb3 Bxb3 21. Qxb3
Bf6 22. Rc2 Rde8 23. a4 h5 24. b5 axb5 25. axb5 Rb8 26. bxc6 bxc6 27. Bxc6 Rfc8
28. Nb5 Qd8 29. Qe6 f4 30. Nd6 Rc7 31. Nf7+ Rxf7 32. Qxf7 h4 33. Qh5+ Kg8 34.
gxh4 Nd5 35. Bxd5+ Qxd5 36. Rfc1 Qe6 37. Rc6 Qd7 38. Rc7 Qe6 39. R1c6 Qh3 40.
Qf7+ Kh8 41. Qh5+ Kg8 42. Rc1 Rf8 43. f3 Bd8 44. R7c6 Qd7 45. Qxe5 Re8 46. Qb2
Bf6 47. Qa2+ Kh8 48. R1c2 Bxh4 49. Qc4 Qa7+ 50. Qc5 Qa1+ 51. Rc1 Qe5 52. Qxe5
Rxe5 53. R1c5 1-0

[Event "Madrid-ch 2017-2018 - Previa A"]
[Site "Madrid ESP"]
[Date "2018.02.05"]
[Round "1.3"]
[White "Alvarez Abejon, Amilcar"]
[Black "Martinez Pintor, Juan"]
[Result "1-0"]
[WhiteElo "1958"]
[BlackElo "1670"]
[PlyCount "29"]
[EventDate "2018.02.05"]
[EventType "swiss"]
[EventRounds "9"]
[EventCountry "ESP"]
[SourceTitle "Ajedrez en Madrid"]
[Source "lmi"]
[SourceDate "2018.02.05"]

1. e4 e6 2. d4 d5 3. Nd2 Be7 4. Bd3 c5 5. exd5 exd5 6. Ngf3 c4 7. Be2 b5 8. a4
b4 9. Ne5 Nf6 10. Bf3 c3 11. bxc3 bxc3 12. Nb1 Qa5 13. O-O Bd7 14. Re1 Be6 15.
Ba3 1-0

[Event "Madrid-ch 2017-2018 - Previa A"]
[Site "Madrid ESP"]
[Date "2018.02.05"]
[Round "1.4"]
[White "Ballesteros Cudero, Juan Carlos"]
[Black "Andalon Gomez, Carlos Jesus"]
[Result "1/2-1/2"]
[WhiteElo "1660"]
[BlackElo "1935"]
[PlyCount "99"]
[EventDate "2018.02.05"]
[EventType "swiss"]
[EventRounds "9"]
[EventCountry "ESP"]
[SourceTitle "Ajedrez en Madrid"]
[Source "lmi"]
[SourceDate "2018.02.05"]

1. e4 c6 2. d4 d5 3. e5 Bf5 4. Nc3 Qb6 5. Be2 h5 6. h3 e6 7. Nf3 Nd7 8. O-O Be7
9. Bd3 Bxd3 10. Qxd3 Nh6 11. Ne2 h4 12. c4 dxc4 13. Qxc4 Nf5 14. Nc3 Qd8 15.
Qb3 Nb6 16. Rd1 Rb8 17. a3 g5 18. Ne4 Rg8 19. Nf6+ Bxf6 20. exf6 g4 21. hxg4
Rxg4 22. Bg5 Qd6 23. Qb4 Qxb4 24. axb4 a6 25. Kh2 Rd8 26. Kh3 Re4 27. Re1 Rxe1
28. Rxe1 Nxd4 29. Nxh4 Nd5 30. Re4 Nxb4 31. Be3 Ndc2 32. Nf5 Nxe3 33. Ng7+ Kd7
34. Rxb4 Rh8+ 35. Kg3 Nf1+ 36. Kf3 Kc7 37. Ke2 Nh2 38. f3 c5 39. Re4 b5 40. Kf2
c4 41. g3 Rd8 42. Nxe6+ fxe6 43. Rxe6 b4 44. f7 Rf8 45. Rxa6 c3 46. bxc3 b3 47.
Ra3 Rxf7 48. Rxb3 Nxf3 49. Kg2 Ne1+ 50. Kh3 1/2-1/2

[Event "Madrid-ch 2017-2018 - Previa A"]
[Site "Madrid ESP"]
[Date "2018.02.05"]
[Round "1.5"]
[White "Ruiz Quevedo, Andres"]
[Black "Gonzalez Recas, Fernando"]
[Result "1-0"]
[WhiteElo "1917"]
[BlackElo "1643"]
[PlyCount "131"]
[EventDate "2018.02.05"]
[EventType "swiss"]
[EventRounds "9"]
[EventCountry "ESP"]
[SourceTitle "Ajedrez en Madrid"]
[Source "lmi"]
[SourceDate "2018.02.05"]

1. g3 d5 2. Nf3 Nf6 3. Bg2 Bf5 4. O-O e6 5. d3 Be7 6. c4 c6 7. Be3 Nbd7 8. Qb3
Qc8 9. Rc1 dxc4 10. Qxc4 Nb6 11. Qb3 Nfd5 12. Bd2 Bg6 13. Nc3 O-O 14. a4 Nd7
15. Nxd5 exd5 16. Qa2 Qd8 17. b4 Bf6 18. Bc3 Re8 19. Bxf6 Qxf6 20. b5 Rac8 21.
bxc6 bxc6 22. Rab1 Rc7 23. Rb2 Bf5 24. Rbc2 Rec8 25. Nd2 Be6 26. a5 Qe5 27. Nf3
Qf6 28. Qa4 c5 29. Nd4 Qe7 30. Nb5 Rb7 31. e4 a6 32. Nd4 Rb4 33. Qxb4 cxb4 34.
Rxc8+ Nf8 35. Nxe6 Qxe6 36. exd5 Qe7 37. Rb8 g6 38. Rb1 Kg7 39. R8xb4 Qc5 40.
Rb7 Qxa5 41. Ra7 g5 42. Rbb7 Qa1+ 43. Bf1 Qf6 44. Be2 Ng6 45. d4 a5 46. Rxa5
Ne7 47. Raa7 Nxd5 48. Rxf7+ Qxf7 49. Rxf7+ Kxf7 50. Bc4 Ke6 51. Kf1 Kd6 52. Ke2
Nf6 53. f3 h6 54. Ke3 Kc6 55. Bf7 Kd6 56. Kd3 h5 57. Kc4 Ke7 58. Bg6 Kd6 59. h4
gxh4 60. gxh4 Kc6 61. Bf7 Kd6 62. Kd3 Ke7 63. Bg6 Kd6 64. Bf7 Ke7 65. Bb3 Kd6
66. Ke3 1-0

[Event "Madrid-ch 2017-2018 - Previa A"]
[Site "Madrid ESP"]
[Date "2018.02.05"]
[Round "1.6"]
[White "Moreno Uribarri, Miguel"]
[Black "Camarero Izquierdo, Juan Carlos"]
[Result "0-1"]
[WhiteElo "1626"]
[BlackElo "1915"]
[PlyCount "42"]
[EventDate "2018.02.05"]
[EventType "swiss"]
[EventRounds "9"]
[EventCountry "ESP"]
[SourceTitle "Ajedrez en Madrid"]
[Source "lmi"]
[SourceDate "2018.02.05"]

1. e4 c5 2. Nf3 d6 3. d4 cxd4 4. Nxd4 Nf6 5. Nc3 a6 6. Bc4 Qc7 7. Bb3 e6 8. O-O
b5 9. f4 Nc6 10. f5 Nxd4 11. Qxd4 d5 12. Qd3 b4 13. Ba4+ Bd7 14. fxe6 fxe6 15.
Bxd7+ Qxd7 16. e5 Ng4 17. Qd4 h5 18. Ne2 Qc7 19. Qf4 Bc5+ 20. Kh1 Rf8 21. Qxf8+
Bxf8 0-1

[Event "Madrid-ch 2017-2018 - Previa A"]
[Site "Madrid ESP"]
[Date "2018.02.05"]
[Round "1.7"]
[White "Marcos Herrero, Francisco"]
[Black "Rodriguez Bachiller, Luis"]
[Result "1-0"]
[WhiteElo "1914"]
[BlackElo "1622"]
[PlyCount "177"]
[EventDate "2018.02.05"]
[EventType "swiss"]
[EventRounds "9"]
[EventCountry "ESP"]
[SourceTitle "Ajedrez en Madrid"]
[Source "lmi"]
[SourceDate "2018.02.05"]

1. Nf3 c5 2. c4 Nf6 3. Nc3 d5 4. cxd5 Nxd5 5. g3 Nxc3 6. bxc3 Bd7 7. Bg2 Bc6 8.
O-O e6 9. d4 cxd4 10. cxd4 Be7 11. Qd3 O-O 12. h4 Nd7 13. Bg5 h6 14. Bf4 Nf6
15. Rfe1 Bd6 16. Bd2 Ne4 17. Red1 Nxd2 18. Rxd2 Qe7 19. a3 Rfd8 20. e4 a6 21.
Qe3 Bc7 22. Rb1 Rd7 23. Bh3 Rdd8 24. Rd3 b5 25. Rc1 Be8 26. e5 Bb6 27. Nd2 Rdc8
28. Ne4 Rxc1+ 29. Qxc1 Qc7 30. Rc3 Qa7 31. Bg2 Rd8 32. Rc8 Rxc8 33. Qxc8 Qd7
34. Qa8 Bxd4 35. Nd6 Bxe5 36. Nxe8 Kh7 37. Qc6 Qxc6 38. Bxc6 Bb2 39. Bb7 Bxa3
40. Bxa6 b4 41. Bc4 g5 42. h5 Kg8 43. Nd6 Kf8 44. Nb5 Ke7 45. Kf1 f5 46. Ke2 e5
47. f3 Kf6 48. g4 fxg4 49. fxg4 e4 50. Nd4 Ke5 51. Nf5 b3 52. Nxh6 Kf4 53. Bxb3
Bf8 54. Nf7 Kxg4 55. h6 Kf4 56. h7 Bg7 57. h8=Q Bxh8 58. Nxh8 Kf5 59. Ke3 g4
60. Bc2 g3 61. Bxe4+ Kf6 62. Kf3 Ke5 63. Ng6+ Kd4 64. Bf5 g2 65. Kxg2 Ke3 66.
Kg3 Ke2 67. Kf4 Kd2 68. Ne5 Kc3 69. Ke4 Kb3 70. Kd4 Kb2 71. Nc4+ Ka2 72. Kc3
Ka1 73. Nd2 Ka2 74. Nb3 Ka3 75. Bb1 Ka4 76. Nd4 Ka3 77. Nb5+ Ka4 78. Kc4 Ka5
79. Kc5 Ka6 80. Nd6 Ka5 81. Bc2 Ka6 82. Bd1 Ka5 83. Nb7+ Ka6 84. Kc6 Ka7 85.
Be2 Kb8 86. Kb6 Ka8 87. Bg4 Kb8 88. Nc5 Ka8 89. Bd7 1-0

[Event "Madrid-ch 2017-2018 - Previa A"]
[Site "Madrid ESP"]
[Date "2018.02.05"]
[Round "1.8"]
[White "Martinez Carrasco, Jesus"]
[Black "Perez Diez, Victor"]
[Result "0-1"]
[WhiteElo "1620"]
[BlackElo "1912"]
[PlyCount "108"]
[EventDate "2018.02.05"]
[EventType "swiss"]
[EventRounds "9"]
[EventCountry "ESP"]
[SourceTitle "Ajedrez en Madrid"]
[Source "lmi"]
[SourceDate "2018.02.05"]

1. d4 f5 2. c4 Nf6 3. Nc3 e6 4. Qc2 Bb4 5. e3 b6 6. Nf3 Bb7 7. Be2 O-O 8. a3
Bxc3+ 9. Qxc3 Ne4 10. Qc2 d6 11. O-O Nd7 12. Nd2 Nxd2 13. Bxd2 Rf6 14. f3 Rg6
15. e4 fxe4 16. fxe4 e5 17. d5 Rf6 18. Bf3 Qe8 19. Bg5 Rf8 20. b4 Qg6 21. Be3
Nf6 22. c5 Bxd5 23. cxd6 cxd6 24. Qd2 Bxe4 25. Qxd6 Bxf3 26. Rxf3 e4 27. Rf4
Rad8 28. Qe6+ Qf7 29. Qxf7+ Rxf7 30. Raf1 Rdf8 31. h3 Nd5 32. Rxf7 Rxf7 33.
Rxf7 Kxf7 34. Bd4 g6 35. g3 Ke6 36. Kf1 Nc7 37. Ke2 Nb5 38. Bb2 Kd5 39. Ke3 Nd6
40. Bc1 Nc4+ 41. Ke2 Kd4 42. g4 Kc3 43. h4 Kb3 44. g5 Nxa3 45. Ke3 Kxb4 46.
Kxe4 Nc4 47. Kd5 a5 48. Ke6 a4 49. Kf7 Ne5+ 50. Kg7 Nf3 51. Kxh7 Nxh4 52. Bd2+
Kc4 53. Be1 Nf3 54. Kxg6 a3 0-1

[Event "Madrid-ch 2017-2018 - Previa A"]
[Site "Madrid ESP"]
[Date "2018.02.05"]
[Round "1.9"]
[White "Rosa Ramirez, Victor Diego"]
[Black "Martinez Miura, Enrique"]
[Result "1-0"]
[WhiteElo "1907"]
[BlackElo "1618"]
[PlyCount "37"]
[EventDate "2018.02.05"]
[EventType "swiss"]
[EventRounds "9"]
[EventCountry "ESP"]
[SourceTitle "Ajedrez en Madrid"]
[Source "lmi"]
[SourceDate "2018.02.05"]

1. e4 e6 2. d4 d5 3. e5 c5 4. c3 cxd4 5. cxd4 Bb4+ 6. Nc3 Ne7 7. Nf3 O-O 8. Bd3
h6 9. O-O Nd7 10. Bd2 Kh8 11. Rc1 f6 12. exf6 Nxf6 13. Nb5 Bd6 14. Nxd6 Qxd6
15. Ne5 Bd7 16. Qe1 Bc6 17. Bb4 Qd8 18. Bxe7 Qxe7 19. Ng6+ 1-0

[Event "Madrid-ch 2017-2018 - Previa A"]
[Site "Madrid ESP"]
[Date "2018.02.05"]
[Round "1.10"]
[White "Martinez Gallardo, Javier"]
[Black "Fernandez Garcia, Ignacio"]
[Result "0-1"]
[WhiteElo "1617"]
[BlackElo "1851"]
[PlyCount "96"]
[EventDate "2018.02.05"]
[EventType "swiss"]
[EventRounds "9"]
[EventCountry "ESP"]
[SourceTitle "Ajedrez en Madrid"]
[Source "lmi"]
[SourceDate "2018.02.05"]

1. e4 e6 2. d4 d5 3. e5 f5 4. Nf3 Ne7 5. Bg5 h6 6. Bxe7 Bxe7 7. c4 c6 8. cxd5
cxd5 9. Bb5+ Nc6 10. O-O O-O 11. Nc3 Bd7 12. a3 Rc8 13. Qd3 a6 14. Bxc6 Bxc6
15. b4 Bd7 16. Rfc1 Qb6 17. h4 Rc4 18. Ne2 Rfc8 19. Rxc4 Rxc4 20. Nd2 Rc8 21.
Rc1 Rxc1+ 22. Nxc1 Bxh4 23. Nf3 Be7 24. Qc3 g5 25. Nd3 g4 26. Nd2 Qc6 27. Qb3
b6 28. Qb2 Bg5 29. g3 Qc8 30. f4 Be7 31. Qc1 Qxc1+ 32. Nxc1 a5 33. Na2 Kf7 34.
bxa5 bxa5 35. Nb3 Bxa3 36. Nxa5 Bb2 37. Nb3 Bb5 38. Nac1 Bc4 39. Kf2 h5 40. Ke3
Bc3 41. Nd2 Bb5 42. Nd3 Bxd3 43. Kxd3 Bxd2 44. Kxd2 h4 45. gxh4 Kg6 46. Ke2 Kh5
47. Kf2 Kxh4 48. Kg2 g3 0-1

[Event "Madrid-ch 2017-2018 - Previa A"]
[Site "Madrid ESP"]
[Date "2018.02.05"]
[Round "1.11"]
[White "Lopez Heras, Arturo"]
[Black "Marcelo de la Mata, Daniel"]
[Result "1/2-1/2"]
[WhiteElo "1849"]
[BlackElo "1609"]
[PlyCount "120"]
[EventDate "2018.02.05"]
[EventType "swiss"]
[EventRounds "9"]
[EventCountry "ESP"]
[SourceTitle "Ajedrez en Madrid"]
[Source "lmi"]
[SourceDate "2018.02.05"]

1. e4 c5 2. Nf3 Nc6 3. d4 cxd4 4. Nxd4 e5 5. Nxc6 bxc6 6. Bc4 Nf6 7. Nd2 Bc5 8.
O-O O-O 9. h3 Qb6 10. Qe1 Ba6 11. c3 Rfe8 12. Bxa6 Qxa6 13. b4 Bb6 14. a4 Qd3
15. a5 Bc7 16. Ra3 Qb5 17. Qe3 d5 18. Rb3 a6 19. Re1 Rad8 20. Qf3 Rd7 21. exd5
cxd5 22. Nf1 e4 23. Qe2 Qc6 24. Bg5 h6 25. Bh4 Be5 26. Qe3 Qc4 27. Nd2 Qc6 28.
Bg3 Bxg3 29. Qxg3 Rc8 30. Qe3 Rdc7 31. Rc1 Nd7 32. f3 f5 33. f4 Qb5 34. g4 fxg4
35. hxg4 Qd3 36. Qxd3 exd3 37. Kf2 d4 38. c4 Nf6 39. Rg1 Rb8 40. g5 hxg5 41.
fxg5 Nd7 42. Re1 Rf8+ 43. Kg3 Rf5 44. Rxd3 Rxg5+ 45. Kf4 Rg2 46. Rxd4 Nf6 47.
Kf3 Rh2 48. Re6 Ra7 49. Ne4 Kf7 50. Red6 Rh3+ 51. Kg2 Rb3 52. Nxf6 gxf6 53. Rb6
Ke7 54. Rf4 Rd7 55. Rfxf6 Rxb4 56. c5 Rxb6 57. Rxb6 Rd5 58. Rxa6 Rxc5 59. Ra8
Kd7 60. a6 Rc8 1/2-1/2

[Event "Madrid-ch 2017-2018 - Previa A"]
[Site "Madrid ESP"]
[Date "2018.02.05"]
[Round "1.12"]
[White "Bellagamba, Pascal"]
[Black "Esteban Amo, Jose M"]
[Result "0-1"]
[WhiteElo "1605"]
[BlackElo "1847"]
[PlyCount "92"]
[EventDate "2018.02.05"]
[EventType "swiss"]
[EventRounds "9"]
[EventCountry "ESP"]
[SourceTitle "Ajedrez en Madrid"]
[Source "lmi"]
[SourceDate "2018.02.05"]

1. Nf3 Nf6 2. b3 g6 3. Bb2 Bg7 4. e4 d6 5. g3 O-O 6. d3 c5 7. Nbd2 Nc6 8. Bg2
Bg4 9. h3 Bd7 10. O-O b5 11. Re1 e5 12. Nf1 Qc7 13. Kh2 Ne7 14. Ne3 Ne8 15. g4
f6 16. c4 Rb8 17. Nd5 Nxd5 18. cxd5 a5 19. Rc1 Qd8 20. Qd2 b4 21. Qe3 Nc7 22.
Nd2 a4 23. Nc4 Qe7 24. Rf1 a3 25. Ba1 Rf7 26. Rc2 Qf8 27. Qe2 Bh6 28. Kg1 Bf4
29. Bh1 Nb5 30. Ne3 Qh6 31. Bg2 Qg5 32. Re1 Rg7 33. Kf1 h5 34. f3 Qh4 35. Rd1
Rf8 36. Kg1 f5 37. Qe1 Bg3 38. Qe2 fxg4 39. Nf1 gxh3 40. Bh1 Qg5 41. Rc4 Qh4
42. Rc2 g5 43. Nxg3 Qxg3+ 44. Kf1 g4 45. Qf2 Qf4 46. fxg4 Qxg4 0-1

[Event "Madrid-ch 2017-2018 - Previa A"]
[Site "Madrid ESP"]
[Date "2018.02.05"]
[Round "1.13"]
[White "Santamaria Baeza, Adolfo"]
[Black "Martinez Martinez, Javier II"]
[Result "1/2-1/2"]
[WhiteElo "1846"]
[BlackElo "1601"]
[PlyCount "107"]
[EventDate "2018.02.05"]
[EventType "swiss"]
[EventRounds "9"]
[EventCountry "ESP"]
[SourceTitle "Ajedrez en Madrid"]
[Source "lmi"]
[SourceDate "2018.02.05"]

1. e4 e5 2. Nf3 Nc6 3. Bc4 Nf6 4. d3 Be7 5. c3 d6 6. Nbd2 O-O 7. Nf1 Na5 8. Ne3
Nxc4 9. Nxc4 Ne8 10. Ne3 g6 11. O-O c6 12. d4 exd4 13. cxd4 Ng7 14. Qb3 Qb6 15.
Qc2 Bd7 16. Nc4 Qd8 17. Bh6 Bg4 18. Ncd2 Re8 19. h3 Be6 20. Rad1 f5 21. Bxg7
Kxg7 22. Qc3 Kg8 23. exf5 gxf5 24. Rfe1 Bf6 25. Nb3 Bf7 26. Rxe8+ Qxe8 27. Re1
Qd7 28. Qd3 Bg6 29. Nbd2 Re8 30. Rxe8+ Bxe8 31. Qa3 b5 32. Nf1 Bg6 33. Ng3 h5
34. h4 Qe7 35. Qd3 Qe6 36. b3 Kh7 37. Ne2 Qe4 38. Qxe4 fxe4 39. Ng5+ Bxg5 40.
hxg5 a5 41. a3 b4 42. axb4 axb4 43. Kh2 Bf7 44. Nc1 c5 45. dxc5 dxc5 46. Kg3
Kg6 47. Kh4 Bd5 48. g4 hxg4 49. Kxg4 Be6+ 50. Kf4 Bf5 51. Ne2 Be6 52. Nc1 Bf5
53. Ne2 Be6 54. Nc1 1/2-1/2

[Event "Madrid-ch 2017-2018 - Previa A"]
[Site "Madrid ESP"]
[Date "2018.02.05"]
[Round "1.14"]
[White "Ramos Antona, Enrique"]
[Black "Bermejo Redondo, Oscar"]
[Result "0-1"]
[WhiteElo "1587"]
[BlackElo "1828"]
[PlyCount "74"]
[EventDate "2018.02.05"]
[EventType "swiss"]
[EventRounds "9"]
[EventCountry "ESP"]
[SourceTitle "Ajedrez en Madrid"]
[Source "lmi"]
[SourceDate "2018.02.05"]

1. d4 Nf6 2. c4 e6 3. Nc3 b6 4. f3 Bb7 5. Bg5 Be7 6. e4 O-O 7. Qd2 d5 8. cxd5
exd5 9. e5 Nfd7 10. Bxe7 Qxe7 11. f4 a6 12. Nf3 Rd8 13. Qf2 c5 14. Bd3 Nf8 15.
Rc1 Nc6 16. O-O cxd4 17. Nxd4 Nxd4 18. Qxd4 Ne6 19. Qf2 Nc5 20. Bb1 d4 21. Nd1
Be4 22. Bxe4 Nxe4 23. Qe2 Nc5 24. f5 Rd5 25. Qf3 Qxe5 26. g4 a5 27. b3 Re8 28.
Nb2 d3 29. Nc4 Qd4+ 30. Qf2 Re2 31. Qxd4 Rxd4 32. Rf2 d2 33. Rd1 Re1+ 34. Rf1
Rxg4+ 35. Kh1 Nd3 36. h3 Rxc4 37. bxc4 Rxd1 0-1

[Event "Madrid-ch 2017-2018 - Previa A"]
[Site "Madrid ESP"]
[Date "2018.02.05"]
[Round "1.15"]
[White "Osorio Ramos, Francisco"]
[Black "Osuna Osuna, Francisco"]
[Result "1-0"]
[WhiteElo "1821"]
[BlackElo "1566"]
[PlyCount "105"]
[EventDate "2018.02.05"]
[EventType "swiss"]
[EventRounds "9"]
[EventCountry "ESP"]
[SourceTitle "Ajedrez en Madrid"]
[Source "lmi"]
[SourceDate "2018.02.05"]

1. d4 d5 2. c4 e5 3. cxd5 Qxd5 4. Nc3 Bb4 5. Bd2 Bxc3 6. Bxc3 Nc6 7. dxe5 Qxd1+
8. Rxd1 Be6 9. b3 Nge7 10. e3 O-O 11. Bc4 Bxc4 12. bxc4 Rfd8 13. Nf3 Rxd1+ 14.
Kxd1 Ng6 15. Kc2 Re8 16. Rd1 Rd8 17. Rxd8+ Nxd8 18. g4 Ne6 19. Bb4 c5 20. Bc3
b6 21. Kd3 Ne7 22. Ke4 Kf8 23. h4 Ke8 24. Ne1 Kd7 25. f4 g6 26. f5 gxf5+ 27.
gxf5 Nd8 28. Nf3 h6 29. Nh2 a6 30. Ng4 Ng8 31. h5 b5 32. Nf2 b4 33. Bb2 Nc6 34.
Nd3 Na5 35. Nxc5+ Kc6 36. Nxa6 Nxc4 37. Nxb4+ Kb5 38. Nd3 Nd2+ 39. Kf4 Ne7 40.
e4 Kc4 41. Nf2 Nc6 42. Ng4 Kd3 43. Nxh6 Nxe4 44. Nxf7 Ne7 45. f6 Nd5+ 46. Kf5
Ne3+ 47. Kg6 Ng2 48. h6 Nf4+ 49. Kf5 Nd5 50. h7 Ne3+ 51. Kg6 Ng2 52. h8=Q Nf4+
53. Kf5 1-0

[Event "Madrid-ch 2017-2018 - Previa A"]
[Site "Madrid ESP"]
[Date "2018.02.05"]
[Round "1.16"]
[White "Dominguez Afonso, Ayraldo"]
[Black "Garcia Gonzalez, Pedro A"]
[Result "0-1"]
[WhiteElo "1561"]
[BlackElo "1821"]
[PlyCount "92"]
[EventDate "2018.02.05"]
[EventType "swiss"]
[EventRounds "9"]
[EventCountry "ESP"]
[SourceTitle "Ajedrez en Madrid"]
[Source "lmi"]
[SourceDate "2018.02.05"]

1. e4 e5 2. Nf3 Nc6 3. Bb5 a6 4. Ba4 Nf6 5. O-O Be7 6. Re1 b5 7. Bb3 O-O 8. c3
d5 9. exd5 Nxd5 10. Nxe5 Nxe5 11. Rxe5 c6 12. d4 Bd6 13. Re1 Qh4 14. g3 Qh3 15.
Qf3 Bg4 16. Qg2 Qh5 17. Be3 Rae8 18. Nd2 Re6 19. Bxd5 cxd5 20. f3 Bh3 21. Qf2
Rg6 22. Nf1 f5 23. f4 Rgf6 24. Nd2 Bg4 25. Rac1 h6 26. b3 Qf7 27. c4 bxc4 28.
bxc4 dxc4 29. Nxc4 Bb4 30. Rf1 Bh3 31. Rfd1 Qd5 32. Ne5 Ba3 33. Rc3 Bb4 34. Rc4
a5 35. Bd2 Rb6 36. Bxb4 Rxb4 37. Rxb4 axb4 38. Qd2 Ra8 39. Ra1 b3 40. a3 Qe4
41. Nc4 Rd8 42. Re1 Qxd4+ 43. Qxd4 Rxd4 44. Rc1 Bg4 45. Na5 b2 46. Rb1 Rd1+ 0-1

[Event "Madrid-ch 2017-2018 - Previa A"]
[Site "Madrid ESP"]
[Date "2018.02.05"]
[Round "1.17"]
[White "Rueda Maria, Ramiro"]
[Black "Caravantes Camacho, Fernando"]
[Result "1-0"]
[WhiteElo "1820"]
[BlackElo "1551"]
[PlyCount "151"]
[EventDate "2018.02.05"]
[EventType "swiss"]
[EventRounds "9"]
[EventCountry "ESP"]
[SourceTitle "Ajedrez en Madrid"]
[Source "lmi"]
[SourceDate "2018.02.05"]

1. Nf3 Nf6 2. c4 g6 3. Nc3 Bg7 4. g3 O-O 5. Bg2 d6 6. d4 Nbd7 7. e4 e5 8. d5
Nc5 9. Qc2 a5 10. O-O Bd7 11. Be3 b6 12. Rae1 h6 13. Nd2 g5 14. f4 Ng4 15. Bxc5
bxc5 16. h3 gxf4 17. hxg4 fxg3 18. Rf3 Bxg4 19. Rxg3 f5 20. exf5 Bxf5 21. Nde4
Qh4 22. Qe2 Bxe4 23. Rg4 Bd3 24. Rxh4 Bxe2 25. Rxe2 Rf5 26. Be4 Rg5+ 27. Rg2
Bf6 28. Rxh6 Rxg2+ 29. Kxg2 Bg7 30. Rh4 a4 31. Rg4 Kf7 32. Kf3 Bh6 33. Bc2 a3
34. b3 Bc1 35. Nb5 Rh8 36. Kg2 Kf6 37. Rg6+ Ke7 38. Nxc7 Bf4 39. Kf2 Rh3 40.
Nb5 Bc1 41. Rg7+ Kf8 42. Rg3 Rh2+ 43. Rg2 Rh6 44. Ke2 Kf7 45. Rf2+ Ke7 46. Bd3
Rh3 47. Bg6 Bb2 48. Rf7+ Kd8 49. Rd7+ Kxd7 50. Bf5+ Ke7 51. Bxh3 Bc1 52. Bf5
Bb2 53. Kd3 Bc1 54. Nc3 Kf6 55. Be4 Bb2 56. Nd1 Bd4 57. Ne3 Ke7 58. Nc2 Bb2 59.
b4 cxb4 60. Nxb4 Kd7 61. Kc2 Kc7 62. Nd3 Bd4 63. Kb3 Kb6 64. Kxa3 Ka5 65. Kb3
Be3 66. Nb2 Bc5 67. Na4 Bd4 68. Nc3 Bc5 69. Bg6 Ba7 70. Be8 Bb8 71. Bg6 Bc7 72.
Nb5 Bb8 73. Bf5 Kb6 74. Kb4 Ka6 75. a4 Kb6 76. Bc8 1-0

[Event "Madrid-ch 2017-2018 - Previa A"]
[Site "Madrid ESP"]
[Date "2018.02.05"]
[Round "1.19"]
[White "Hernandez Gutierrez, Jose"]
[Black "Salgado Duarte, Pablo"]
[Result "1-0"]
[WhiteElo "1804"]
[BlackElo "1530"]
[PlyCount "77"]
[EventDate "2018.02.05"]
[EventType "swiss"]
[EventRounds "9"]
[EventCountry "ESP"]
[SourceTitle "Ajedrez en Madrid"]
[Source "lmi"]
[SourceDate "2018.02.05"]

1. d4 d5 2. c4 c6 3. Nf3 Nf6 4. e3 Bf5 5. Nc3 h6 6. Qb3 b6 7. cxd5 cxd5 8. Bb5+
Bd7 9. Nxd5 Nxd5 10. Qxd5 Bxb5 11. Qxb5+ Qd7 12. Qb3 e6 13. Ne5 Qb7 14. O-O Be7
15. Bd2 O-O 16. Rac1 Nd7 17. Nc6 Bf6 18. Rc2 Nb8 19. Na5 Qe4 20. Nc4 Be7 21.
Ne5 Bf6 22. f3 Qh7 23. Ng4 Qg6 24. Nxf6+ Qxf6 25. Qa4 Rd8 26. Rc7 a6 27. Rfc1
b5 28. Qc2 Nd7 29. Qc6 Nf8 30. Bb4 Ng6 31. Be1 Ne7 32. Qe4 Nd5 33. R7c5 Qe7 34.
Ba5 f5 35. Bxd8 Rxd8 36. Qe5 Nb4 37. Rc7 Rd7 38. Rxd7 Qxd7 39. Rc7 1-0

[Event "Madrid-ch 2017-2018 - Previa A"]
[Site "Madrid ESP"]
[Date "2018.02.05"]
[Round "1.20"]
[White "Alises Fontecha, Juan"]
[Black "Carrasco Coquillat, Alvaro"]
[Result "1-0"]
[WhiteElo "1515"]
[BlackElo "1801"]
[PlyCount "101"]
[EventDate "2018.02.05"]
[EventType "swiss"]
[EventRounds "9"]
[EventCountry "ESP"]
[SourceTitle "Ajedrez en Madrid"]
[Source "lmi"]
[SourceDate "2018.02.05"]

1. e4 d6 2. d4 g6 3. Nc3 Bg7 4. Bg5 Nf6 5. Qd2 h6 6. Bh4 Nbd7 7. O-O-O c5 8.
Nf3 cxd4 9. Nxd4 O-O 10. f3 a6 11. g4 Ne8 12. Nd5 g5 13. Bxg5 hxg5 14. Qxg5
Ndf6 15. Nf5 Bxf5 16. gxf5 Nxd5 17. exd5 e5 18. Qg3 Qf6 19. c3 Qxf5 20. Bd3
Qf4+ 21. Qxf4 exf4 22. h4 Bh6 23. Rde1 Nf6 24. Re7 b5 25. Rg1+ Kh8 26. Bg6 fxg6
27. Rxg6 Ng8 28. Rd7 Rf6 29. Rxf6 Nxf6 30. Rxd6 Kg7 31. Kd2 Ra7 32. b3 Rc7 33.
Kd3 a5 34. c4 bxc4+ 35. bxc4 Re7 36. Kd4 Re3 37. c5 Kf7 38. c6 Re1 39. c7 Rd1+
40. Ke5 Re1+ 41. Kf5 Nxd5 42. Rd7+ Ne7+ 43. Rxe7+ Rxe7 44. c8=Q Re3 45. Qb7+
Re7 46. Qd5+ Kf8 47. Qd6 Bg7 48. Kg6 Be5 49. Qd8+ Re8 50. Qg5 Re7 51. Qf5+ 1-0

[Event "Madrid-ch 2017-2018 - Previa A"]
[Site "Madrid ESP"]
[Date "2018.02.05"]
[Round "1.21"]
[White "De Luna Butz, Alberto"]
[Black "Beekhof Harmsen, Willen"]
[Result "1-0"]
[WhiteElo "1799"]
[BlackElo "1514"]
[PlyCount "55"]
[EventDate "2018.02.05"]
[EventType "swiss"]
[EventRounds "9"]
[EventCountry "ESP"]
[SourceTitle "Ajedrez en Madrid"]
[Source "lmi"]
[SourceDate "2018.02.05"]

1. Nf3 Nf6 2. c4 c5 3. d4 cxd4 4. Nxd4 g6 5. Nc3 Bg7 6. e4 d6 7. Be2 O-O 8. O-O
b6 9. Bf3 Bb7 10. e5 Bxf3 11. Qxf3 dxe5 12. Qxa8 exd4 13. Ne4 Qc7 14. Nxf6+
Bxf6 15. Qd5 e6 16. Qf3 Bg7 17. b3 d3 18. Rb1 Rd8 19. Bg5 Rd7 20. Rbd1 f6 21.
Bc1 f5 22. Rxd3 e5 23. Rxd7 Nxd7 24. Qd5+ Kf8 25. Ba3+ Ke8 26. Qe6+ Kd8 27.
Qe7+ Kc8 28. Qxg7 1-0

[Event "Madrid-ch 2017-2018 - Previa A"]
[Site "Madrid ESP"]
[Date "2018.02.05"]
[Round "1.22"]
[White "Navas Marin, Felix"]
[Black "Martinez Aragon, Aitor"]
[Result "0-1"]
[WhiteElo "1504"]
[BlackElo "1786"]
[PlyCount "64"]
[EventDate "2018.02.05"]
[EventType "swiss"]
[EventRounds "9"]
[EventCountry "ESP"]
[SourceTitle "Ajedrez en Madrid"]
[Source "lmi"]
[SourceDate "2018.02.05"]

1. d4 Nf6 2. Nf3 e6 3. Bf4 c5 4. e3 cxd4 5. exd4 Be7 6. Be2 O-O 7. O-O d6 8. c3
a6 9. Nbd2 b5 10. a3 Bb7 11. h3 Nc6 12. b4 Nd5 13. Bh2 Nxc3 14. Qe1 Nxe2+ 15.
Qxe2 Qb6 16. Nb3 a5 17. bxa5 Nxa5 18. Nxa5 Rxa5 19. Rfd1 Rfa8 20. Qd3 Bf6 21.
Bf4 Bxf3 22. Qxf3 Bxd4 23. Ra2 Bc5 24. Rd3 b4 25. Rb2 Rxa3 26. Rbb3 d5 27. Be3
Bxe3 28. Rxe3 Rxb3 29. Rxb3 Qd6 30. g3 Ra3 31. Re3 Rxe3 32. Qxe3 g6 0-1